Logo Biblioteca

La internacional entrerriana / (Registro nro. 535)

Detalles MARC
000 -LEADER
fixed length control field 00575nam a22002177a 4500
003 - CONTROL NUMBER IDENTIFIER
control field OSt
005 - DATE AND TIME OF LATEST TRANSACTION
control field 20250808161336.0
008 - FIXED-LENGTH DATA ELEMENTS--GENERAL INFORMATION
fixed length control field 250723s2022 ag o|||| |||| 00| 1 spa d
020 ## - INTERNATIONAL STANDARD BOOK NUMBER
International Standard Book Number 978-987-1912-32-2
040 ## - CATALOGING SOURCE
Transcribing agency besoc
080 ## - UNIVERSAL DECIMAL CLASSIFICATION NUMBER
Authority record control number or standard number 82-94
100 ## - MAIN ENTRY--PERSONAL NAME
Personal name Alzari, Agustín,
Relator term autor
Dates associated with a name 1979-
245 ## - TITLE STATEMENT
Title La internacional entrerriana /
Statement of responsibility, etc. Agustín Alzari.
250 ## - EDITION STATEMENT
Edition statement 1ª ed.
260 ## - PUBLICATION, DISTRIBUTION, ETC.
Place of publication, distribution, etc. Rosario :
Name of publisher, distributor, etc. Editorial Municipal,
Date of publication, distribution, etc. 2002.
300 ## - PHYSICAL DESCRIPTION
Extent 83 p. :
Other physical details fot. ;
Dimensions 17 cm.
648 #4 - SUBJECT ADDED ENTRY--CHRONOLOGICAL TERM
Chronological term Siglo XXI
650 #4 - SUBJECT ADDED ENTRY--TOPICAL TERM
Topical term or geographic name entry element Literatura argentina
650 #4 - SUBJECT ADDED ENTRY--TOPICAL TERM
Topical term or geographic name entry element Crónica
942 ## - ADDED ENTRY ELEMENTS (KOHA)
Source of classification or shelving scheme Universal Decimal Classification
Koha item type Libro de préstamo a domicilio
Suppress in OPAC No
Existencias
Withdrawn status Lost status Source of classification or shelving scheme Damaged status Not for loan Collection Home library Current library Date acquired Total checkouts Barcode Date last seen Price effective from Koha item type
    Universal Decimal Classification     Colección General Biblioteca Escuela de Ciencias Sociales Biblioteca Escuela de Ciencias Sociales 23/07/2025   000054 23/07/2025 23/07/2025 Obra General
Biblioteca de la Escuela Preuniversitaria en Ciencias Sociales y Humanísticas.
Riobamba 250 bis.
CP 2000 - Rosario - Santa Fe
E-Mail: biblioteca@esociales.unr.edu.ar